书目信息 |
| 题名: |
厉行节约 反对浪费
|
|
| 作者: | ;中国共产党中央文献研究室 编 | |
| 分册: | ||
| 出版信息: | 北京 中央文献出版社 2013.03 |
|
| 页数: | 56页 | |
| 开本: | 20cm | |
| 丛书名: | ||
| 单 册: | ||
| 中图分类: | F124.6 | |
| 科图分类: | ||
| 主题词: | 经济--中国 | |
| 电子资源: | ||
| ISBN: | 978-7-5073-3772-3 | |
| 000 | 00679nam0 2200193 45 | |
| 001 | 2140010017 | |
| 005 | 20221109083049.48 | |
| 010 | @a978-7-5073-3772-3 | |
| 100 | @a20210913d2013 km y0chiy0120 ea | |
| 101 | 0 | @achi |
| 102 | @aCN@b110000 | |
| 200 | 1 | @a厉行节约 反对浪费@Ali xing jie yue fan dui lang fei@f中国共产党中央文献研究室编@Fzhong guo gong chan dang zhong yang wen xian yan jiu shi bian |
| 210 | @a北京@c中央文献出版社@d2013.03 | |
| 215 | @a56页@d20cm | |
| 606 | 0 | @a经济@x中国 |
| 690 | @aF124.6@v4 | |
| 711 | 02 | @a中国共产党中央文献研究室@Azhong guo gong chan dang zhong yang wen xian yan jiu shi@4编 |
| 801 | 0 | @aCN@b河南城建学院图书馆@c20210913 |
| 905 | @dF124.6@eZ547 | |
| 厉行节约 反对浪费/中国共产党中央文献研究室编.-北京:中央文献出版社,2013.03 |
| 56页;20cm |
| ISBN 978-7-5073-3772-3: |
| ● |
| 相关链接 |
|
|
|
正题名:厉行节约 反对浪费
索取号:F124.6/Z547
 
预约/预借
| 序号 | 登录号 | 条形码 | 馆藏地/架位号 | 状态 | 备注 |
| 1 | 1502767 | 215027673 | 社科库409/409社科库 69排4列1层/ [索取号:F124.6/Z547] | 在馆 | |
| 2 | 1505527 | 215055277 | 社科库409/409社科库 69排4列1层/ [索取号:F124.6/Z547] | 在馆 |